| 000 | 12217nam0a22009131 4500 | ||
|---|---|---|---|
| 001 | RU\NLR\A1\32616 | ||
| 005 | 20260327101329.0 | ||
| 035 | _a(NLR Aleph) 009682761 | ||
| 090 |
_a9708048 _c9708048 |
||
| 100 | _a20011203d1762 m y0rusy50 ca | ||
| 101 | 0 | _arus | |
| 102 | _aRU | ||
| 135 | _acrcn 024anaba | ||
| 140 | _ay y zz yaa0000 | ||
| 200 | 1 | _aТоржество благополучно совершившагося в Москве коронования и миропомазания благочестивейшия государыни императрицы Екатерины Алексеевны самодержицы всероссийския, отправленное Императорскою Академиею наук в публичном собрании сентября 23 дня 1762 года | |
| 210 |
_aВ Санктпетербурге _cпечатано при Императорской Академии наук _d[1762] |
||
| 215 |
_a[2], 18, 37, [1], 24 с. _cил. _d4° |
||
| 306 | _a200 экз. поступило в Акад. кн. лавку, 200 экз. пошло на бесплатную раздачу. | ||
| 310 | _aТираж 400 экз. | ||
| 316 |
_aЭкз. РНБ (18.126.2.177) в составном картон. пер., обтянутом серым ледерином, с зелен. коленкор. корешком. На нижней крышке пер. экслибрис рус. фонда РНБ с шифром. На форзаце ярлык с шифром РНБ. На тит. л., с.15 2-й паг., и с.15 и 24 3-й паг. круглый штамп ГПБ. Размер: 23,0х18,5х1,2 см _5NLR: 18.126.2.177 |
||
| 316 |
_aЭкз РНБ (140/722) является частью владельч. конволюта. Припл. к: [Торжество Академии наук в честь и прославление вожделеннейшаго и всерадостнейшаго дня восшествия на престол ея императорскаго величества всепресветлейшия державнейшия великия государыни императрицы Елисаветы Петровны самодержицы всероссийския и прочая, и прочая, и прочая. : Празднованное публичным собранием на другой день возшествия на престол ея императорскаго величества то есть ноября 26 дня 1753 года. - В Санктпетербурге: Печатано при Императорской Академии наук, 1753.] На обороте тит. л. круглый штамп ГПБ _5NLR: 140/722 |
||
| 316 |
_aЭкз. РНБ (18.6.3.225) - фрагм. изд. Присутствует только Опыт генеральной орографии... (С.1-37 2-ой паг., [1]) _5NLR: 18.6.3.225 |
||
| 316 |
_aЭкз. РНБ (18.100.1.4) - фрагм. изд. Присутствует только Изъяснение наблюдений по случаю явления Венеры в Солнце в Селенгинске учиненных... (С.1-24 3-ей паг.) _5NLR: 18.100.1.4 |
||
| 317 |
_aЭкз. ЗНБ СГУ из б-ки И.А.Шляпкина _5ЗНБ СГУ |
||
| 321 | 1 | _aСК XVIII 7286 | |
| 321 | 1 | _aТюличев. Материалы о некоторых изданиях... С.210 | |
| 325 | _aКопия доступна в Электрон. б-ке РНБ | ||
| 327 | 0 |
_aРечь о содержании заданных Императорскою Академиею наук из награждения вопросов и полученных на оныя решений в публичном собрании Академии наук сентября 23 дня 1762 года говоренная Герардом Фридериком Миллером, историографом российским... _aОпыт генеральной орографии или описания главнейших по земному нашему шару простирающихся гор, читанный сентября 23 дня 1762 году в публичном собрании Императорской Академии наук Иоанном Готлибом Леманом, Императорской Академии наук членом... _aИзъяснение наблюдений по случаю явления Венеры в Солнце в Селенгинске учиненных, читанное в публичном собрании Императорской Академии наук сентября 23 дня 1762 года Академии наук адъюнктом Степаном Румовским. |
|
| 464 | 0 |
_12001#$aРечь о содержании заданных Императорскою Академиею наук из награждения вопросов и полученных на оныя решений в публичном собрании Академии наук сентября 23 дня 1762 года$fговоренная Герардом Фридериком Миллером, историографом российским... _1215##$a18 с. _1700#1$aМиллер$bГ.Ф.$f1705-1783$gГерард Фридрих$4070 _tРечь о содержании заданных Императорскою Академиею наук из награждения вопросов и полученных на оныя решений в публичном собрании Академии наук сентября 23 дня 1762 года _aМиллер, Герард Фридрих (1705-1783) |
|
| 464 | 0 |
_12001#$aОпыт генеральной орографии или описания главнейших по земному нашему шару простирающихся гор,$fчитанный сентября 23 дня 1762 году в публичном собрании Императорской Академии наук Иоанном Готлибом Леманом, Императорской Академии наук членом... _1215##$a37, [1] с. _1700#1$aЛеман$bИ.Г.$f1719-1763$gИоганн Готлоб$4070 _tОпыт генеральной орографии или описания главнейших по земному нашему шару простирающихся гор, _aЛеман, Иоганн Готлоб (1719-1763) |
|
| 464 | 0 |
_12001#$aИзъяснение наблюдений по случаю явления Венеры в Солнце в Селенгинске учиненных,$fчитанное в публичном собрании Императорской Академии наук сентября 23 дня 1762 года Академии наук адъюнктом Степаном Румовским. _1215##$a24с. _1700#1$aРумовский$bС.Я.$f1734-1812$gСтепан Яковлевич$4070 _tИзъяснение наблюдений по случаю явления Венеры в Солнце в Селенгинске учиненных, _aРумовский, Степан Яковлевич (1734-1812) |
|
| 481 | 0 |
_1001RU\NLR\A1\1511 _99664152 _aГораций Флакк, К. (65-8 до н.э.) _cВ Санктпетербурге _d1763 _fс латинскаго языка преложенныя российскими стихами Академии наук переводчиком Иваном Барковым _nпри Императорской Академии наук _p[10], 184 c. _tКвинта Горация Флакка Сатиры или Беседы с примечаниями, _uhttp://vivaldi.nlr.ru/bx000018110/view |
|
| 482 | 0 |
_1001RU\NLR\A1\32589 _12001#$aТоржество Академии наук в честь и прославление вожделеннейшаго и всерадостнейшаго дня восшествия на престол ея императорскаго величества всепресветлейшия державнейшия великия государыни императрицы Елисаветы Петровны самодержицы всероссийския и прочая, и прочая, и прочая.$eПразднованное публичным собранием на другой день возшествия на престол ея императорскаго величества то есть ноября 26 дня 1753 года _1210##$aВ Санктпетербурге$cПечатано при Императорской Академии наук$d1753 _99707959 _cВ Санктпетербурге _d1753 _nпечатано при Императорской Академии наук _oПразднованное публичным собранием на другой день возшествия на престол ея императорскаго величества то есть ноября 26 дня 1753 года _p[6], 76 с., [4] л. ил. _tТоржество Академии наук в честь и прославление вожделеннейшаго и всерадостнейшаго дня восшествия на престол ея императорскаго величества всепресветлейшия державнейшия великия государыни императрицы Елисаветы Петровны самодержицы всероссииския и прочая, и прочая, и прочая. _uhttp://vivaldi.nlr.ru/bx000016996/view |
|
| 518 | 1 | _aТоржество благополучно совершившегося в Москве коронования и миропомазания... имп. Екатерины Алексеевны... отправленное Имп. Академиею наук в публичном собрании сентября 23 дня 1762 года | |
| 600 | 0 |
_aЕкатерина _cимп. _dII _f1729-1796 |
|
| 620 | _dСанкт-Петербург | ||
| 702 | 1 |
_4070 _7ca _8rus _aРумовский _bС. Я. _f1734-1812 _gСтепан Яковлевич _9212512 _3RU\NLR\AUTH\770212568 |
|
| 702 | 1 |
_4390 _7ca _8rus _aШляпкин _bИ. А. _f1858-1918 _gИлья Александрович _967602 _3RU\NLR\AUTH\7784674 |
|
| 702 | 1 |
_aЛеман _bИ.Г. _f1719-1763 _gИоганн Готлоб _4070 |
|
| 702 | 1 |
_4070 _7ca _8rus _aМиллер _bГ. Ф. _f1705-1783 _gГерард Фридрих _917035 _3RU\NLR\AUTH\7734029 |
|
| 712 | 0 | 2 |
_4610 _aАкадемическая типография _cПетербург _9303965 _3RU\NLR\AUTH\8815379 |
| 801 | 0 |
_aRU _bNLR _c20011203 |
|
| 852 |
_aNLR _j18.126.2.177 |
||
| 852 |
_aNLR _j140/722 |
||
| 852 |
_aNLR _j18.6.3.225 _yДеф. экз. |
||
| 852 |
_aNLR _j18.100.1.4 _yДеф. экз. |
||
| 852 |
_aNLR _bРЗФ _j18 в. 5/662 |
||
| 852 |
_aNLR _bРЗФ _j18 в. 7/336 (ал.1) |
||
| 856 | 0 | _uhttps://vivaldi.nlr.ru/bx000024981/view | |
| 856 | 1 | _uhttps://vivaldi.nlr.ru/bx000024981/cover | |
| 856 | 2 | _uhttps://vivaldi.nlr.ru/bx000024981/text | |
| 899 | _aРГБ | ||
| 899 | _aБАН | ||
| 899 | _aГПИБ | ||
| 899 | _aКОКМ | ||
| 899 | _aЗНБ СГУ | ||
| 899 | _aВладОУНБ | ||
| 899 | _aВОУНБ | ||
| 899 | _aПОУБ | ||
| 899 | _aРГБ | ||
| 899 | _aБАН | ||
| 899 | _aГПИБ | ||
| 899 | _aКОКМ | ||
| 899 | _aЗНБ СГУ | ||
| 899 | _aВладОУНБ | ||
| 899 | _aВОУНБ | ||
| 899 | _aПОУБ | ||
| 942 | _cBOOK | ||
| 980 | 3 | _akpcivil | |
| 980 | 3 | _akp2021 | |
| 980 | 3 | _akp | |
| 980 | _aNB | ||
| 980 | _aA1XVIIIv | ||
| 981 | 2 | 2 |
_a(22) Материалы по истории России _b(22) Российский императорский дом |
| 981 | 2 | 0 |
_a(20) Книжные памятники РНБ _b(20) Русский книжный фонд |